[Event "GER-chT U10"]
[Site "Magdeburg"]
[Date "2014.12.27"]
[Round "1.2"]
[White "Macher, Thore"]
[Black "Seibt, Bruno"]
[Result "1-0"]
[WhiteElo "1082"]
[BlackElo "862"]
[PlyCount "63"]
[EventDate "2014.12.27"]
[EventType "team-swiss"]
[EventRounds "7"]
[EventCountry "GER"]
[SourceTitle "EXT 2016"]
[Source "ChessBase"]
[SourceDate "2015.10.08"]
[SourceVersion "1"]
[SourceVersionDate "2015.10.08"]
[SourceQuality "1"]
[WhiteTeam "Dresden Leuben"]
[BlackTeam "Oberland"]
[WhiteTeamCountry "GER"]
[BlackTeamCountry "GER"]

1. d4 d5 2. e3 Nc6 3. Nf3 Nf6 4. c4 e6 5. Bd2 Bd7 6. Nc3 Bd6 7. Qb3 Nb4 8. c5 a5 9. Bb5 Bxb5 10. Nxb5 Be7 11. Bxb4 axb4 12. Qxb4 b6 13. 0-0 0-0 14. Rac1 Ne4 15. Rfe1 Qe8 16. Nxc7 Qa4 17. Qxa4 Rxa4 18. cxb6 Rxa2 19. Rc2 Ba3 20. Ne5 Bxb2 21. Nd7 Rd8 22. b7 h6 23. b8Q Rxb8 24. Nxb8 Nc3 25. Rxc3 Bxc3 26. h3 Bb4 27. Nc6 Rc2 28. Nxb4 Rxc7 29. Na6 Re7 30. Nc5 e5 31. dxe5 Rxe5 32. Nd7 1-0